Introducción a la teología

Uloženo v:
Podrobná bibliografie
Hlavní autor: Beinert, Wolfgang (Autor)
Médium: Kniha
Jazyk:španělština
Vydáno: Barcelona Herder 1981
Témata:
Tagy: Přidat tag
Žádné tagy, Buďte první, kdo vytvoří štítek k tomuto záznamu!

MARC

LEADER 00000nam a2200000 a 4500
001 UCS9938
003 CL-VaPUC
008 971121e19810000SP |||||||||||||||||spa|d
082 0 4 |a 200  |b BEI  |2 21 
100 0 |a Beinert, Wolfgang  |e author  |9 395181 
245 1 0 |a Introducción a la teología 
300 |a 244 p 
942 |c BK 
945 |d 19971121 00:00:00  |a aalvarez 
260 |a Barcelona  |b Herder  |c 1981 
600 0 |a Dios  |9 314467 
650 0 |a Teología   |9 258766 
583 |a last modification  |c 19971121 00:00:00  |k Rodrigo Vera 
999 |c 263604  |d 263602 
952 |0 0  |1 0  |4 0  |6 200_000000000000000_BEI_1981  |7 0  |8 A  |9 292956  |a BIBTEO  |b BIBTEO  |d 2019-11-19  |i 2025108  |l 2  |o 200 BEI 1981  |p 2025108  |r 2025-01-17  |s 2022-05-05  |w 2019-11-19  |y BK  |k ICR